000 01561nam a2200373 c 4500
003 BLK
005 20230220130704.0
008 180413b bul|||||r ||||||| ||bul||
010 _aKNG00021262000
020 _a954-8126-29-Х
_bиздат.: Шамбала
040 _aBLK
041 _aBUL
_cBUL
080 _aРелигии на хамитските народи
_b299.3
_x
_z299.3
080 _aЦивилизация. Култура. Прогрес. История на културата вж 930.85
_b008
_x
_z008
100 1 _aНейдлър, Джеръми
_eпърви автор
_9101438
700 1 _aХристова, Светла
_eпрев. от англ.
_9364864
139 _aНейдлър, Джеръми
_bН 47
245 1 0 _aХрам на Космоса
_bСакралното в Древния Египет
_cДжеръми Нейдлър; прев. от англ. Светла Христова.
257 _aUSA
260 София
_bШамбала
_c1998
_fСофия : Образование и наука
300 _a459 с.
_bс ил.
_c22 см
380 _a2
490 1 _aДревната мъдрост
500 _aОриг. загл. Temple of the Cosmos / Jeremy Naydler. - 1 000 тир.
650 4 _aРелигии - Древен Египет
_9253930
650 4 _aДревен Египет
_9242280
653 _aДревен Египет
653 _aрелигия
852 _aЦб 195370
856 4 _qpdf
_u
856 4 _qpdf
_u
942 _cKNG
_n0
_04
944 _aCR
_c15.01.2003
_kЛюдмила_Стоянова
944 _aED
_c02.10.2006
_k
999 _c19165
_d19165